| 000 | 00684nam a22001697a 4500 | ||
|---|---|---|---|
| 005 | 20260421085125.0 | ||
| 008 | 260421b |||||||| |||| 00| 0 eng d | ||
| 040 |
_aLC _cUNZA _dUNZA _eRDA |
||
| 050 |
_aZAMB BV 3625 _bJOH |
||
| 100 |
_aJohston, James F.R.H.S _d"Author of Grenfell of labrador " " Missionary landscapes in the dark continent" |
||
| 245 |
_aDr. Laws of Livingstonia / _cJames Johnston, F.R.H.S |
||
| 260 |
_aLondon : _bS.W.Partridge and Co. LTD, _c( n.d) |
||
| 300 |
_a160 pages : _billustrations. |
||
| 650 |
_aChurch of England _xMissions _x19th century Missions _zMalawi. |
||
| 650 |
_aMissionaries _xGreat Britain _xHistory _x19th century _zMalawi. |
||
| 942 | _cZAMBIANA | ||
| 999 |
_c216632 _d216632 |
||